000 00306nam a2200121Ia 4500
008 190802s9999 xx 000 0 und d
020 _a978-0-07-144141-4
100 _aMyKe Predko
245 0 _aDigital Electronics DeyMystified
260 _aNew York
_bMc Graw Hill
_c2005
300 _a371:P
942 _cBK
999 _c2594
_d2594